[Event "Biel SKA"]
[Site "Biel"]
[Date "1991.??.??"]
[Round "11"]
[White "Gavrikov, Viktor"]
[Black "Christiansen, Larry Mark"]
[Result "0-1"]
[WhiteElo "2585"]
[BlackElo "2600"]
[Annotator "Blatny,P"]
[PlyCount "78"]
[EventDate "1991.07.??"]
[EventType "tourn"]
[EventRounds "14"]
[EventCountry "SUI"]
[EventCategory "15"]
[SourceTitle "CBM 025"]
[Source "ChessBase"]
[SourceDate "1991.12.01"]
[SourceVersion "1"]
[SourceVersionDate "1991.12.01"]
[SourceQuality "1"]

1. e4 {Ftacnik} c5 2. Nf3 e6 3. d4 cxd4 4. Nxd4 a6 5. Bd3 Bc5 6. Nb3 (6. c3 Ne7
7. O-O O-O 8. Qh5 d6 9. Nd2 Nd7 10. N2b3 Nf6 11. Qe2 $14 {Geller-Taimanov,
USSR 1970}) 6... Ba7 (6... Bb6 7. O-O Nc6 8. Qe2 d6 9. N1d2 Nf6 10. Nc4 Bc7 {
+/=/= Timman 1972}) 7. Qe2 (7. Qg4 Nf6 8. Qg3 d6 9. O-O Nc6 10. Nc3 $14 {
Kapengut-Ruban,USSR 1976} (10. Qxg7 Rg8 11. Qh6 Ne5 $44)) 7... Nc6 8. Be3 (8.
O-O {Ftacnik} d6 9. Be3 Nf6 10. Bxa7 Rxa7 11. Nc3 O-O 12. Rad1 b5 13. Qe3 Rc7
14. Rd2 $14 {Timoschenko-Vasjukov/URS/1981/}) 8... Nf6 (8... Bxe3 {--> INF 44/
201} 9. Qxe3 Nf6 10. Nc3 d6 11. O-O-O e5 12. Be2 O-O 13. f4 $14 {
Psakhis-Vyzhmanavin, Moskva 1981}) 9. Nc3 (9. e5 Nd5 10. Bxa7 Rxa7 $10) 9... d6
10. f4 (10. g4 b5 (10... Bxe3 11. Qxe3 Nxg4 12. Qg3 Nf6 13. Qxg7 (13. O-O-O $44
) 13... Rg8 14. Qh6 Ng4 $13 {Christiansen}) 11. g5 Nd7 {Wolff-Christiansen,
San Francisco 1991} 12. f4 $14 (12. Rg1 {Ftacnik} Bxe3 13. Qxe3 Qb6 $1 $10 {
Wolff,P-Christiansen,L/San Francisco/1991/})) 10... e5 11. Bxa7 (11. f5 $5 b5 (
11... Bxe3 12. Qxe3 $14 d5 $6 13. Nxd5 Nxd5 14. exd5 Qxd5 15. Be4 Qd6 16. Rd1
Qc7 17. O-O $16) 12. Bg5 h6 13. Bh4 $16) 11... Rxa7 12. f5 (12. O-O {Ftacnik}
b5 $10) 12... b5 13. O-O Ne7 (13... O-O {Ftacnik} 14. g4 d5 15. exd5 (15. g5
Nxe4 16. Nxe4 dxe4 17. Qxe4 Qxg5+ 18. Kh1 Bb7 $1) 15... Nxd5 16. Nxd5 Qxd5 17.
Be4 Qd6 18. Rad1 Qc7 19. f6 $40) 14. a4 (14. a3 $142 O-O 15. g4 $5 h6 16. h4 d5
17. g5 (17. exd5 Nexd5 $132) 17... hxg5 18. hxg5 Nxe4 19. Nxe4 dxe4 20. Bxe4 {
/\Qg2->}) (14. g4 {Ftacnik} d5 15. g5 Nxe4 16. Nxe4 dxe4 17. Bxe4 Qb6+ 18. Kh1
Bb7 $15) 14... b4 15. Nd1 O-O 16. a5 (16. Ne3 Bb7 17. Nd2 Re8 {/\d5}) (16. Qe1
{Ftacnik} a5 $17) 16... d5 $1 17. exd5 (17. Nf2 {Ftacnik} dxe4 18. Nxe4 Ned5
$15) 17... Re8 18. Ne3 (18. Qxe5 Nexd5 $1 (18... Nxf5 {Ftacnik} 19. Qf4 (19.
Qb8 Rb7 20. Qa8 Qc7 $1 (20... Qxd5 21. Bxa6 Nh4 22. Ne3 $1 Rxe3 23. Qxc8+ Re8
24. Qxb7 $18) 21. Bxf5 (21. Qxa6 Ng4 22. g3 Nxg3 $1) 21... Bxf5 22. Qxa6 Ng4
23. g3 Qxc2 $40) 19... Nxd5 20. Qf2 Nfe3 $15) 19. Qg3 (19. Qd4 Rd7 20. Nc5 Rd6
$44) 19... Rae7 {/\Bb7~/=}) 18... Nexd5 19. Nxd5 Qxd5 20. Ra4 $1 (20. Bc4 {
Ftacnik} Qc6 $17) 20... e4 $1 21. Bc4 Qe5 22. Rxb4 Qxb2 (22... Bxf5 {Ftacnik}
23. Qf2 (23. Bxa6 Bg4 24. Qb5 Qxb2 25. Rxf6 Bd7 26. Qc5 gxf6 27. Qxa7 Qb1+ 28.
Kf2 e3+ $40) 23... Ng4 24. Qf4 $15) 23. Rb6 Qe5 24. Bxa6 (24. h3 Bxf5 {/\e3=/+/
-/+}) 24... Bxa6 (24... Bxf5 $6 25. Rb5 (25. Bb5 $17 {Ftacnik}) 25... Nd5 $8
26. Rc5 $1 {/\Qb5;Bc4;c4+-}) 25. Rxa6 Ng4 $1 26. g3 $8 Rxa6 27. Qxa6 e3 28. Qe2
(28. Qc6 $2 e2 29. Re1 Qe3+ 30. Kh1 h5 31. Nc1 Re5 $1 32. Nxe2 Qf2 $19) (28.
Re1 {Ftacnik} e2 29. Nc1 Qe3+ $19) 28... Nf2 {/\Qe4} 29. Qf3 (29. g4 {Ftacnik}
Qe4 $19) 29... Qc3 30. Qe2 $4 $138 (30. a6 Nh3+ 31. Kg2 (31. Kh1 e2 $1 $19)
31... Ng5 $1 32. Qe2 (32. Qb7 e2 $19) 32... Qc6+ $19) (30. Nc1 $5 Nh3+ (30...
Qxa5 31. Ne2 {=/+/-/+} (31. Qc6 $5)) 31. Kh1 Qxc2 $40 (31... e2 $2 32. Nxe2
Qxf3+ 33. Rxf3 Rxe2 34. a6 Re7 (34... Rxc2 $2 35. a7 Ra2 36. Rb3 $18) 35. Rb3 {
/\Rb7,a7+-})) 30... Qc6 $1 31. Rxf2 $8 exf2+ 32. Qxf2 Rd8 $19 {עg1,Pc2} 33.
Qe2 (33. Nd4 {Ftacnik} Qe4 34. c3 Rb8 $19) 33... h6 34. h4 (34. a6 Ra8 $19)
34... Qc3 35. Kg2 Rc8 36. Kh3 Qb2 $1 (36... Qxc2 $19 {_|_}) 37. a6 Rxc2 38.
Qe8+ (38. Qf3 h5 $19) 38... Kh7 39. a7 (39. Qxf7 {Ftacnik} Rh2+ 40. Kg4 Qe2+
41. Kf4 Rf2#) 39... h5 (39... h5 {Ftacnik} 40. Qh8+ Kxh8 41. a8=Q+ Kh7 42. Qh1
Qxb3 $19) 0-1

[Event "Niksic"]
[Site "Niksic"]
[Date "1991.??.??"]
[Round "9"]
[White "Spasov, Vasil"]
[Black "Strikovic, Aleksa"]
[Result "1-0"]
[WhiteElo "2550"]
[BlackElo "2495"]
[Annotator "Blatny,P"]
[PlyCount "49"]
[EventDate "1991.04.??"]
[EventType "tourn"]
[EventRounds "13"]
[EventCountry "YUG"]
[EventCategory "9"]
[SourceTitle "CBM 024"]
[Source "ChessBase"]
[SourceDate "1991.10.01"]
[SourceVersion "1"]
[SourceVersionDate "1991.10.01"]
[SourceQuality "1"]

1. e4 c5 2. Nf3 e6 3. d4 cxd4 4. Nxd4 a6 5. Bd3 Nf6 6. O-O d6 7. f4 (7. c4 g6 (
7... Be7 8. Nc3 O-O 9. Be3 Nbd7 10. f4 Re8 11. Kh1 Bf8 12. Qe2 Qc7 13. Rac1 b6
14. b4 Bb7 15. Nb3 $14 {Pritchett-Gheorghiu, London 1980}) 8. Nc3 Bg7 9. Be3 (
9. Bg5 Nbd7 10. Kh1 (10. Qd2 {--> INF 39/212}) 10... Qc7 11. Rc1 b6 12. f3 Bb7
13. Qd2 O-O 14. Rfd1 Rac8 15. Bf1 Ne5 16. b3 Rfd8 17. Qf4 {/\Qh4 +/=}) 9... O-O
10. Rc1 (10. Re1 b6 11. f3 Bb7 12. Bf1 Nbd7 13. Qd2 Rc8 14. Rac1 Ne5 (14... Qc7
$142) 15. Na4 Nfd7 16. b4 $14 {><b6 Gavrikov-Plachetka, Wien 1990}) 10... Nbd7
11. Qe2 d5 12. Nb3 dxe4 13. Nxe4 $14) 7... g6 8. Kh1 (8. Nf3 Bg7 9. Qe1 Nc6 10.
Kh1 Nd7 11. Nc3 O-O 12. Be3 b5 $13 {Sax-Gheorghiu, Moskau (izt) 1982 -->
ChessBase: Interzonal tournaments}) 8... Bg7 9. Nf3 Qc7 10. Nc3 Nc6 11. Qe1 O-O
12. a4 Nb4 13. Qh4 b6 (13... Nxd3 $5 14. cxd3 Bd7 $14) 14. f5 $1 e5 (14... exf5
15. Bg5 $40) 15. Bg5 Qe7 16. Rae1 Ra7 17. Bc4 $16 Kh8 18. g4 gxf5 19. gxf5 Rc7
20. Nd5 Nbxd5 21. Bxd5 Rxc2 22. Rg1 $18 Rc5 (22... Rg8 23. Rg3 {/\ Rh3,Bxf6,
Qxh7#}) 23. Rg3 Rd8 (23... Rxd5 24. Rh3 $18) 24. Reg1 Rxd5 25. Bh6 1-0

[Event "Brno-B"]
[Site "Brno"]
[Date "1993.??.??"]
[Round "1"]
[White "Velicka, Petr"]
[Black "Polgar, Sofia"]
[Result "0-1"]
[WhiteElo "2420"]
[BlackElo "2430"]
[Annotator "Blatny,P"]
[PlyCount "82"]
[EventDate "1993.08.??"]
[EventType "tourn"]
[EventRounds "9"]
[EventCountry "CZE"]
[EventCategory "9"]
[SourceTitle "CBM 038"]
[Source "ChessBase"]
[SourceDate "1994.02.01"]
[SourceVersion "1"]
[SourceVersionDate "1994.02.01"]
[SourceQuality "1"]

1. e4 c5 2. Nf3 e6 3. d4 cxd4 4. Nxd4 a6 5. Bd3 Bc5 6. Nb3 Ba7 7. O-O Nc6 8.
Nc3 Nge7 9. Qe2 (9. Qh5 Ng6 10. Bg5 Qc7 11. Rae1 O-O 12. Kh1 Nf4 13. Qg4 Bb8
$132 {Teschner,R-Portisch,L/Stockholm izt/1962/}) (9. Kh1 O-O 10. Bg5 f6 11.
Bh4 Ne5 12. f4 Nxd3 13. Qxd3 b5 14. a3 Bb7 15. Rad1 Bc6 $10 {Perenyi,B-Farago,
I/Budapest/1986/}) 9... O-O (9... d6 10. Be3 Bxe3 11. Qxe3 b5 12. a3 O-O 13. f4
Qc7 14. Kh1 Bd7 15. Rae1 $14 {Bersoult,F-Cordier,F/France/1989/}) 10. a4 $5 (
10. Be3 b5 11. Bxa7 Rxa7 12. a3 Qb6 13. Kh1 f6 14. f4 Rc7 15. a4 b4 16. a5 Qa7
17. Na4 Bb7 18. Rfd1 f5 $132 {Wagner,A-Lau,R/Muenchen op/1992/}) 10... Nb4 (
10... d5 $5 11. exd5 Nxd5 12. Nxd5 exd5 $13) 11. Be3 Bxe3 12. Qxe3 b6 13. Nd2 (
13. Rad1 $142 $14) 13... Bb7 14. Rad1 d5 15. exd5 Nexd5 (15... Nxd3 $142 16.
Qxd3 Nxd5 17. Nxd5 Qxd5 $15) 16. Nxd5 Nxd5 17. Qe4 g6 18. Qe5 Qe7 19. Rfe1 Rac8
20. Ne4 Rc6 (20... Rcd8 {/\f6} 21. c3 (21. Bxa6 $2 Bxa6 22. Rxd5 f6 $1 $19 {_|_
}) 21... f6 22. Qg3 $10) 21. c4 $6 (21. Bxa6 $2 Bxa6 22. Rxd5 f6 $19) (21. c3
$142 {/\Bb1(-a2)+/=}) 21... f6 22. Qd4 $2 (22. Qg3 Nb4 $15) 22... e5 $1 23.
Qxd5+ Re6 24. Bf1 Bxd5 25. cxd5 Rd6 26. Nxd6 Qxd6 27. Bxa6 (27. Rc1 $5 {
/\Red1-/+}) 27... Qb4 28. Bb5 Rd8 29. Re2 Qc5 30. Red2 Rd6 31. b3 Kg7 32. Bc4
f5 33. Re2 e4 34. Rde1 g5 $6 (34... Rf6 $5) (34... h5 $142) 35. Re3 (35. g4 $1
$10) 35... Qd4 36. Kh1 $6 g4 37. Kg1 h5 38. h4 gxh3 39. Rxh3 Rg6 $6 40. Rxh5 f4
41. Rf5 $2 (41. Rh3 Qb2 $13) 41... e3 $1 (41... e3 42. fxe3 Qe4 $19) 0-1

[Event "New York op"]
[Site "New York"]
[Date "1991.??.??"]
[Round "5"]
[White "Wedberg, Tom Birger"]
[Black "Dzindzichashvili, Roman"]
[Result "1-0"]
[WhiteElo "2465"]
[BlackElo "2555"]
[Annotator "Blatny,P"]
[PlyCount "62"]
[EventDate "1991.03.??"]
[EventType "swiss"]
[EventRounds "9"]
[EventCountry "USA"]
[SourceTitle "CBM 023"]
[Source "ChessBase"]
[SourceDate "1991.08.01"]
[SourceVersion "1"]
[SourceVersionDate "1991.08.01"]
[SourceQuality "1"]

1. e4 c5 2. Nf3 e6 3. d4 cxd4 4. Nxd4 a6 5. Bd3 b5 (5... Bc5 {-->
Wolff-Christiansen}) (5... Nf6 6. O-O d6 {--> Short-Hjartarsson} (6... Qc7 7.
Qe2 d6 8. c4 g6 9. Rd1 Bg7 10. Nf3 Nc6 11. Bf4 O-O 12. Bc2 e5 $1 13. Be3 {
Anand-Kamsky} Bg4 $11)) 6. O-O Bb7 7. a4 b4 8. Nd2 Ne7 9. f4 Nec6 10. N4f3 d6
11. Qe1 Nd7 12. Qg3 h5 $5 13. b3 h4 14. Qh3 Nc5 15. Bb2 e5 16. Bc4 Bc8 17. g4
exf4 18. Bd5 Bd7 19. Nc4 Be7 20. Qg2 Rc8 21. h3 O-O 22. Rad1 Na5 23. Nxa5 Qxa5
24. g5 Be6 25. Nxh4 Qd8 26. Rxf4 Bxg5 27. Nf5 $1 Bxd5 28. Rxd5 Ne6 29. Rg4 g6
30. Rxd6 gxf5 31. exf5 $1 Rxc2 (31... Rxc2 32. Rxd8 Rxg2+ 33. Rxg2 Rxd8 34.
fxe6 Rd1+ 35. Kh2 Rd5 36. e7) (31... Qxd6 32. Rxg5+) 1-0

[Event "HUN-ch"]
[Site "Budapest"]
[Date "1991.??.??"]
[Round "7"]
[White "Sax, Gyula"]
[Black "Portisch, Lajos"]
[Result "1-0"]
[WhiteElo "2600"]
[BlackElo "2570"]
[Annotator "Blatny,P"]
[PlyCount "81"]
[EventDate "1991.12.??"]
[EventType "tourn"]
[EventRounds "9"]
[EventCountry "HUN"]
[EventCategory "12"]
[SourceTitle "CBM 027"]
[Source "ChessBase"]
[SourceDate "1992.04.01"]
[SourceVersion "1"]
[SourceVersionDate "1992.04.01"]
[SourceQuality "1"]

1. e4 c5 2. Nf3 e6 3. d4 cxd4 4. Nxd4 a6 5. Bd3 b6 (5... Qc7) 6. O-O Bb7 7. Qe2
d6 (7... g6 {/\Bg7,Nge7}) (7... Bc5 8. Nb3) (7... Qc7) 8. f4 {/\><e6} Nd7 (8...
Qc7 9. c4 Nd7 10. f5 $40) 9. c4 g6 {><f5} (9... Nc5 10. Bc2) (9... Qc7 10. f5
e5 11. Nc2 {><d5}) 10. f5 $5 Bg7 11. Be3 (11. Nc2 {גa1-h8,[+]}) 11... Qe7 $8 (
11... e5) 12. Nc3 Ngf6 (12... gxf5 {/\/^a8-h1} 13. exf5 {/^d1-h5} Ngf6 14. fxe6
fxe6 15. Bg5 $40) 13. Rae1 (13. Bg5 h6) 13... Ne5 (13... e5 14. Nc2 {><d5}) 14.
fxe6 fxe6 15. Nf3 {/^a7-g1} Ned7 (15... Nfd7 16. Nxe5 Bxe5 17. Na4) 16. Na4 Nc5
17. e5 $1 (17. Nxb6 Nxd3 18. Qxd3 Bxe4) 17... dxe5 (17... Nxa4 18. exf6 Bxf6)
18. Bxc5 bxc5 19. Qxe5 {קc5,e6} Ne4 (19... Nd7 20. Qxe6 Qxe6 21. Rxe6+ Kd8 22.
Ng5) 20. Qf4 Rf8 21. Qg4 Nf6 22. Qxe6 Qxe6 23. Rxe6+ Kf7 24. Ng5+ Kg8 25. Re7
Bc8 (25... Bc6 26. Nxc5) 26. Nxc5 $18 Bh8 27. b4 Rb8 28. b5 Ng4 {/\Bd4} 29.
Nce6 Rxf1+ 30. Bxf1 Bxe6 31. Nxe6 Bf6 32. Rd7 Re8 33. c5 Ne5 (33... Rxe6 34.
Bc4 $18) 34. Rd6 axb5 35. Bxb5 Rc8 36. Ba6 Ra8 37. Nc7 Rf8 38. Nd5 Bg5 39. c6
Nf7 40. Re6 Nd8 41. Re5 (41. Re5 Bd2 42. c7) 1-0

[Event "Dos Hermanas"]
[Site "Dos Hermanas"]
[Date "1993.??.??"]
[Round "8"]
[White "Magem Badals, Jordi"]
[Black "Yudasin, Leonid"]
[Result "1-0"]
[WhiteElo "2510"]
[BlackElo "2610"]
[Annotator "Blatny,P"]
[PlyCount "55"]
[EventDate "1993.04.??"]
[EventType "tourn"]
[EventRounds "9"]
[EventCountry "ESP"]
[EventCategory "14"]
[SourceTitle "CBM 036"]
[Source "ChessBase"]
[SourceDate "1993.10.01"]
[SourceVersion "1"]
[SourceVersionDate "1993.10.01"]
[SourceQuality "1"]

1. e4 c5 2. Nf3 e6 3. d4 cxd4 4. Nxd4 a6 5. Bd3 Bc5 6. Nb3 Ba7 7. Qe2 Nc6 8.
Nc3 d6 9. Be3 (9. a4 Nd4 10. Nxd4 Bxd4 11. Bd2 $14) 9... b5 10. O-O-O (10. a3
Bxe3 11. Qxe3 Nf6 12. O-O O-O 13. Rad1 $14) 10... Nge7 (10... b4 11. Na4 {
גe2-a6}) 11. f4 b4 12. Na4 {/\/^f2-a7,><b6} e5 13. Bxa7 (13. f5 {/\Qf2}) 13...
Rxa7 14. f5 Bd7 {פa4} 15. Qf2 $1 (15. Bxa6 Nb8 16. Rxd6 (16. Bb5 $5 Rxa4 17.
Bxa4 Bxa4 18. Qd2 $13) 16... Qc7 17. Rxd7 Nxd7 18. Bb5 O-O $14) 15... Nc8 {
><b6,d6,f6} 16. Nd2 Nd4 17. b3 Bxa4 18. bxa4 Nb6 (18... Qa5 $6 19. Nb3 $1 Qxa4
$2 (19... Nxb3+ 20. axb3 $16) 20. Nxd4 Qa3+ 21. Kb1 exd4 22. Qxd4 $18) 19. Nb3
Nc6 20. a5 Na4 21. Bc4 O-O 22. f6 $5 Rd7 $2 (22... Qxf6 23. Qxf6 gxf6 24. Rxd6
$16) (22... Nc3 23. Rd3 gxf6 $13 24. Qh4 $6 f5 $1 25. Rg3+ Kh8 26. Qh6 f6 27.
exf5 d5 $17) 23. Rhf1 {/\><g7} Nc3 $2 (23... Qxf6 $8 24. Qxf6 gxf6 25. Rxf6 {
+/-/+- _|_} Rfd8 26. Rdf1) (23... gxf6 $2 24. Rd3 {/\Rg3-h3+-}) 24. Qg3 g6 25.
Qh4 h5 (25... Kh8 26. Rd3 (26. Qh6 Rg8 27. Rf3 Qf8) 26... Ne2+ (26... Nxa2+ 27.
Kb2 Nc3 28. Qh6 $18) (26... Rg8 27. Qxh7+ $1 Kxh7 28. Rh3#) 27. Kd2 Nf4 28.
Rxf4 $1 exf4 29. Qh6 $18) 26. Rf5 $1 $18 (26. Qg5 Kh7) 26... Nxe4 (26... Nxa5
27. Rxh5 $18) 27. Qxe4 d5 28. Rxd5 (28. Rxd5 Rxd5 29. Bxd5 Nxa5 (29... gxf5 $2
30. Qxf5 $18) 30. Qe3 Nxb3+ 31. axb3 Qa5 (31... Kh7 32. Rxh5+ gxh5 33. Be4+ $18
) 32. Qh6 Qa1+ 33. Kd2 Qc3+ 34. Kd1 Qd4+ 35. Ke2 Qg4+ 36. Bf3 $18) 1-0

[Event "Capablanca Memorial-17"]
[Site "Cienfuegos"]
[Date "1981.05.23"]
[Round "2"]
[White "Barczay, Laszlo"]
[Black "Boensch, Uwe"]
[Result "0-1"]
[WhiteElo "2415"]
[BlackElo "2455"]
[Annotator "Boensch,U"]
[PlyCount "76"]
[EventDate "1981.05.22"]
[EventType "tourn"]
[EventRounds "13"]
[EventCountry "CUB"]
[EventCategory "9"]
[SourceTitle "EXT 2012"]
[Source "ChessBase"]
[SourceDate "2011.11.24"]
[SourceVersion "1"]
[SourceVersionDate "2011.11.24"]
[SourceQuality "1"]

{SCHACH 8/1981 Seiten 356-357} 1. e4 c5 2. Nf3 e6 3. d4 cxd4 4. Nxd4 a6 5. Bd3
Nf6 6. O-O d6 7. c4 ({Möglich ist auch} 7. f4 Qc7 8. Nc3 b5 9. a3 Bb7 10. Qe2
Nbd7 11. Kh1 Be7 12. Bd2 Rc8 13. b4 $6 {Gufeld,E-Espig,L/Leipzig 1980}) 7... b6
8. Nc3 Bb7 9. b3 Nbd7 10. Re1 $2 {Weiß wählt einen zu passiven Plan.} ({
Besser war} 10. Bb2 {nebst f2-f4.}) 10... Be7 11. Bb2 O-O 12. Rc1 Re8 13. Bb1
Bf8 14. Re3 Rc8 15. Qe2 g6 16. Rd1 Qc7 17. Qf3 Qb8 18. Re2 $2 ({Genauer war} 
18. Ree1) 18... Bg7 19. h3 Nc5 20. Qg3 {[#]Während Schwarz den für diesen
Stellungstyp günstigsten Figurenaufbau erreicht hat, gelang es Weiß nicht,
seine Stellung zu verbessern.} e5 $1 {Diesem Vorstoß liegt die Idee zugrunde,
dass der Springer das ungünstige Feld f3 betreten muss und die weiße Dame vom
Spielgeschehen abgdrängt werden kann.} 21. Nf3 Nh5 22. Qh2 b5 $1 23. cxb5 axb5
24. Red2 Nf6 $1 25. Rxd6 b4 26. Na4 Nfxe4 27. Rb6 Qa7 28. Bxe4 Bxe4 29. Rxb4 $1
{Die zäheste Verteidigung.} (29. Nxc5 Rxc5 30. Rxb4 Bxf3 31. gxf3 Rc2 $1) 29...
Nd3 30. Rxd3 $1 ({Auf} 30. Rxe4 {folgt} Nxf2 31. Bd4 exd4 32. Rxe8+ Rxe8 33.
Kxf2 d3+ 34. Kf1 Qe3) 30... Bxd3 31. Qg3 e4 32. Bxg7 Kxg7 33. Nd4 Rc1+ 34. Kh2
e3 $1 35. fxe3 Qe7 36. Nb2 Be4 37. Rc4 Ra1 38. Nd1 $2 $138 ({Auf} 38. Ra4 Qf6
39. Qf4 Qxf4+ 40. exf4 Bb1 $1) 38... Rxd1 0-1

[Event "Reykjavik Summit"]
[Site "Reykjavik"]
[Date "1990.??.??"]
[Round "?"]
[White "Adams, Michael"]
[Black "Christiansen, Larry Mark"]
[Result "1-0"]
[WhiteElo "2555"]
[BlackElo "2560"]
[Annotator "Boensch,U"]
[PlyCount "95"]
[EventDate "1990.03.??"]
[EventType "team"]
[EventRounds "6"]
[EventCountry "ISL"]
[SourceTitle "CBM 018"]
[Source "ChessBase"]
[SourceDate "1990.10.01"]
[SourceVersion "1"]
[SourceVersionDate "1990.10.01"]
[SourceQuality "1"]

1. e4 {Bönsch} c5 2. Nf3 e6 3. d4 cxd4 4. Nxd4 a6 5. Bd3 Nf6 6. O-O d6 7. c4
Be7 8. Nc3 O-O 9. Qe2 Nc6 {9...Ld7; 9...Sbd7; 9...b6} 10. Nxc6 bxc6 11. f4 e5 (
11... c5 12. f5 Nd7 13. Rf3 $1 Ne5 14. Rh3 $40) 12. Kh1 Nd7 (12... exf4 $5 13.
Bxf4 Nd7 $10) 13. f5 $1 a5 14. Be3 a4 $6 (14... Nc5 15. Bc2 Rb8 $13) 15. Rf3
Bg5 16. Bf2 Nc5 17. Bc2 Qa5 {/\ Tb8} 18. Rd1 Rd8 19. Rg3 Bf4 20. Rh3 Ba6 21.
Qg4 f6 (21... Bxc4 $4 22. g3 $18) 22. Bh4 Kh8 23. Qh5 Qc7 24. b4 axb3 25. axb3
Nd7 (25... Qe7 $2 26. Qxh7+ $1 Kxh7 27. Bxf6+ Kg8 28. Bxe7 $18) 26. Qf7 {
/\ 27.Lf6} Rf8 27. Qe7 d5 28. exd5 Rae8 29. Qa3 Bb7 30. d6 $18 Qb6 31. Be4 Be3
32. Na4 Qa7 33. Be1 Bd4 34. Qa2 Nc5 35. Bf3 e4 36. Bh5 Nd3 37. Bg6 h6 38. Qd2
c5 39. Rxh6+ Kg8 40. Bh7+ Kf7 41. Bg6+ Kg8 42. Rh4 Ne5 43. Qe2 Nxg6 44. fxg6
Re5 45. Qg4 Be3 46. Qh3 Bh6 47. Rxh6 gxh6 48. Qd7 $1 1-0

[Event "EU-chT (Men) 10th"]
[Site "Debrecen"]
[Date "1992.11.??"]
[Round "9.1"]
[White "Ivanchuk, Vassily"]
[Black "Portisch, Lajos"]
[Result "1-0"]
[WhiteElo "2720"]
[BlackElo "2575"]
[Annotator "Bulletin"]
[PlyCount "133"]
[EventDate "1992.11.20"]
[EventType "team-swiss"]
[EventRounds "9"]
[EventCountry "HUN"]
[SourceTitle "EU-chT"]
[Source "ChessBase"]
[SourceDate "1999.07.01"]
[SourceVersion "2"]
[SourceVersionDate "1999.07.01"]
[SourceQuality "1"]
[WhiteTeam "Ukraine"]
[BlackTeam "Hungary"]
[WhiteTeamCountry "UKR"]
[BlackTeamCountry "HUN"]

1. e4 c5 2. Nf3 e6 3. d4 cxd4 4. Nxd4 a6 5. Bd3 Nf6 6. O-O Qc7 7. c4 Nc6 8. Nf3
Ng4 9. Nc3 (9. h3 h5) (9. g3 Bd6 {/\ h5}) 9... Be7 (9... Bc5 $5 10. Na4 Ba7 11.
c5 d6 $13) (9... Nd4 10. e5 $5 (10. g3 Nxf3+ 11. Qxf3 Ne5 12. Qe2 d6 $10) 10...
Nxf3+ 11. Qxf3 Nxe5 12. Qg3 g6 $5 (12... d6 13. Bf4 $44)) 10. Be2 (10. g3 O-O
11. Bf4 d6 12. Rc1 Nce5 $10) 10... b6 (10... O-O $5 11. h3 (11. b3 Bf6 12. Bb2
Nd4 13. g3 Nxe2+ 14. Qxe2 d6 $13) 11... Nge5 12. b3 d6 $10) 11. h3 (11. g3 O-O
12. Bf4 d6 13. Rc1 Nce5 $10) 11... h5 12. g3 Nge5 13. h4 g6 14. Bf4 d6 15. Rc1
Nxf3+ 16. Bxf3 Ne5 17. Bg2 O-O 18. b3 Bb7 19. Qd2 Rfc8 20. Rfd1 Rab8 21. Bg5
Bf8 22. Bh6 Be7 23. Bg5 Bf8 24. Ne2 Kh7 (24... Ng4 $5 25. Nf4 $1 (25. f3 Ne5
$10) (25. Nd4 Bg7 $10) 25... Bg7 $1 (25... f6 $6 26. Nxe6 Qf7 27. Nxf8 fxg5 28.
f3 Nf6 (28... Ne5 29. Qxd6 $16) 29. hxg5 $1 (29. Qxg5 $5 Qxf8 $1 (29... Rxf8
30. Rxd6 $16) 30. Qxg6+ Kh8 $14) 29... Ne8 30. Nxg6 $1 Qxg6 31. Re1 {/\ f4+/-})
26. Nd3 (26. Qxd6 $2 Qxd6 27. Rxd6 Bf8 $1 {/\ f6-/+} (27... f6 28. Nxg6 Kh7 29.
Nf4 $13)) 26... Re8 {/\} (26... Bd4 $6 27. Kh1 $1 {/\ f3}) 27. f3 Nf6) (24...
Bc6 $1 25. Qe1 $5 (25. Nf4 Qb7 {/\ b5=}) (25. Nd4 Ba8 26. Nf3 Bxe4 (26... Ng4
27. Nh2 $5 Ne5 $10) 27. Nxe5 Bxg2 28. Nxg6 $13) 25... Qa7 $5 {/\ b5=}) 25. Nf4
Qc6 (25... Ng4 $1 26. Qe2 (26. Nd3 $2 f6 $1) 26... Bg7 27. Nd3 Re8) 26. Nd3
Nxd3 27. Qxd3 Ba8 28. Bf4 Rd8 (28... Rc7 29. Bxd6 $5 Rd8 30. Bxf8 Rxd3 31. Rxd3
$44) 29. Rc2 Be7 30. a4 Kg7 (30... Rd7 31. Rcd2 Rbd8) 31. Rcd2 e5 (31... Rd7
32. Qf1 $1 {/\ e5}) 32. Be3 f5 33. f3 fxe4 34. fxe4 Rf8 35. Re2 (35. Rf1 $1 {
/\ Rdf2}) 35... Kh7 (35... Bb7 $5) 36. Kh2 (36. Rdd2 $1) 36... Bb7 37. Rdd2 Rf7
(37... Bc8 $1 38. Rf2 Bg4) 38. Rf2 Rbf8 39. Rxf7+ (39. Qf1 Kg8 40. Rxf7 Rxf7
41. Qg1 $1 (41. Rf2 Rxf2 42. Qxf2 Bd8 43. Bh3 Bc8 44. Bxc8 Qxc8 45. Bxb6 Bxb6
46. Qxb6 Qg4 47. Qe3 Qd1 $14)) 39... Rxf7 40. Qd5 Qxd5 41. exd5 (41. cxd5 $1
$16) (41. cxd5 $1 Bd8 (41... b5 42. Bh3 $5 (42. axb5 axb5 43. Bh3 $16)) 42. Bh3
Kg7 (42... a5 43. Rc2 $1 Rf3 (43... Kg7 44. Bc8 $1 $18) (43... Rc7 44. Rf2 $1
$18) (43... Ba6 44. Rc6 $18) 44. Rc3 Ba6 (44... b5 45. axb5 Bb6 46. Bd4 $18)
45. Bg2 {/\ Rc6+-}) 43. b4 $1 Kf8 44. Be6 $16 (44. Rf2 $2 Rxf2+ 45. Bxf2 a5 46.
b5 Ke8 47. Be6 Kf8 48. Be3 Ke8 49. Kh3 Kf8 50. g4 Ke8 51. Bg5 Bc7 $10)) 41...
Bd8 42. Bh3 (42. b4 Bc8 {/\ Bd7}) 42... Rf3 43. Re2 Kg7 (43... a5 $1 $14) 44.
Be6 (44. b4 $1) 44... a5 45. Kg2 Rf6 46. Bh3 Ba6 47. Rf2 Rxf2+ 48. Kxf2 Bb7 49.
Kf3 Ba6 50. Be6 Bb7 51. Bf2 Ba6 52. Ke4 Bb7 53. g4 hxg4 54. Bxg4 Ba6 55. Kf3
Bb7 56. Be6 Ba6 57. Kg4 Bb7 58. Be3 Kf8 (58... Ba6 $8 59. h5 gxh5+ 60. Kxh5 Kf8
$1 $14) 59. Bh6+ Ke8 60. Bg5 Be7 (60... e4 61. Be3 $1) 61. Bxe7 Kxe7 62. Kg5 e4
63. Kxg6 e3 64. Bg4 Bc8 65. Be2 Kf8 66. h5 Bh3 67. Kf6 1-0